DRUG STORE & BUSINESS MANAGEMENT (Record no. 31005)
[ view plain ]
| 000 -LEADER | |
|---|---|
| fixed length control field | 00297nam a2200121Ia 4500 |
| 008 - FIXED-LENGTH DATA ELEMENTS--GENERAL INFORMATION | |
| fixed length control field | 170620s9999 xx 000 0 und d |
| 100 ## - MAIN ENTRY--PERSONAL NAME | |
| Personal name | MAHAJAN - NEELAM |
| 245 #0 - TITLE STATEMENT | |
| Title | DRUG STORE & BUSINESS MANAGEMENT |
| 260 ## - PUBLICATION, DISTRIBUTION, ETC. | |
| Name of publisher, distributor, etc. | BIRLA |
| 260 ## - PUBLICATION, DISTRIBUTION, ETC. | |
| Date of publication, distribution, etc. | 2006 |
| 300 ## - PHYSICAL DESCRIPTION | |
| Extent | 283 |
| 546 ## - LANGUAGE NOTE | |
| Language note | English |
| 690 ## - LOCAL SUBJECT ADDED ENTRY--TOPICAL TERM (OCLC, RLIN) | |
| Topical term or geographic name as entry element | DRUG STORE & BUSINESS MANAGEMENT |
| Withdrawn status | Lost status | Source of classification or shelving scheme | Damaged status | Not for loan | Home library | Current library | Date acquired | Source of acquisition | Total Checkouts | Barcode | Date last seen | Price effective from | Koha item type |
|---|---|---|---|---|---|---|---|---|---|---|---|---|---|
| NOIDA College IIMT College of Pharmacy | NOIDA College IIMT College of Pharmacy | 01/12/2014 | 1 | 12-B-2042 | 06/26/2017 | 06/26/2017 | Text-Book- for 7 days | ||||||
| NOIDA College IIMT College of Pharmacy | NOIDA College IIMT College of Pharmacy | 01/12/2014 | 1 | 12-B-2043 | 12/30/2020 | 06/26/2017 | Text-Book- for 7 days |

